000 00633nam a2200205Ii 4500
001 8403
003 CO-ViMGA
008 241108s9999||||xx |||||||||||||| ||und||
040 _aCO-ViMGA
_bspa
_erda
_cCO-ViMGA
041 0 _aunk
082 0 4 _a323.47-M963n
100 1 _aHans H Mijnkner Harburg
_954913
245 1 0 _aNueve lecciones de derecho cooperativo
264 1 _a[Lugar de publicación no identificado] : Friedrich-Ebertstifting, 1982
300 _avolumen
336 _atext
_btxt
_2rdacontent
337 _aunmediated
_bn
_2rdamedia
338 _avolume
_bnc
_2rdacarrier
940 _aidficha_siabuc: 8211. -- ficha_no_siabuc:8403
999 _c52218
_d52218